Toutes les équipes de Ligue 1 de tous les temps - Statistiques

Statistiques générales
  • Ce quiz a été pris 215 fois
  • Le résultat moyen est 48 sur 74
Statistiques - réponses
Équipe # % Correct
AS Saint-Étienne 69
99%
Olympique de Marseille 74
99%
Olympique Lyonnais 66
99%
Stade Rennais FC 67
98%
FC Girondins de Bordeaux 69
97%
Lille OSC 64
97%
Olympique Lillois 7
97%
RC Strasbourg Alsace 63
97%
AS Monaco FC 65
95%
FC Nantes 55
95%
OGC Nice 65
95%
RC Lens 62
95%
Toulouse FC 34
94%
Toulouse FC 19
94%
Montpellier HSC 42
92%
Stade Brestois 29 18
92%
FC Metz 64
90%
Stade de Reims 40
89%
Clermont Foot 63 3
87%
Paris FC 3
87%
AJ Auxerre 33
86%
FC Lorient 17
85%
Le Havre AC 24
85%
Paris Saint-Germain FC 51
85%
RC Paris 30
85%
Stade Malherbe Caen 18
85%
FC Sochaux-Montbéliard 66
84%
Angers SCO 31
82%
En Avant Guingamp 13
81%
Nîmes Olympique 40
81%
AC Ajaccio 14
79%
AS Nancy Lorraine 30
79%
FC Nancy 15
79%
Grenoble Foot 38 4
79%
SC Bastia 34
79%
Dijon FCO 6
78%
Amiens SC 3
75%
Es Troyes AC 19
75%
Le Mans FC 6
73%
Valenciennes FC 33
69%
AS Cannes 22
68%
Thonon Evian Grand Genève FC 6
68%
FC Rouen 19
67%
Red Star FC 16
67%
SC Toulon 12
67%
CS Sedan Ardennes 23
66%
Tours FC 4
65%
Stade Lavallois 13
64%
US Boulogne 1
58%
FC Sète 34 16
53%
CO Roubaix-Tourcoing 10
52%
Gazélec Ajaccio 1
49%
FC Istres 1
47%
AC Arles-Avignon 1
45%
RC Roubaix 3
45%
Chamois Niortais FC 1
43%
FC Mulhouse 6
42%
LB Châteauroux 1
42%
FC Martigues 3
40%
SR Colmar 1
37%
Limoges FC 3
36%
AS Béziers Hérault 1
29%
AC Avignonnais 1
26%
FC Gueugnon 1
25%
Angoulême Charente FC 3
21%
Pays d'Aix FC 1
21%
Olympique Alès 6
18%
Stade Français 15
18%
Hyères FC 1
14%
FC Antibes 7
13%
SC Fives 7
9%
Excelsior AC 7
4%
Club Français 1
3%
CA Paris-Charenton 2
0%
Aucun quiz correspondant
Distribution des résultats
% des personnes avec chaque résultat
Percentile par nombre de réponses
Votre historique - résultats
Vous n’avez pas pris ce quiz